Formación jurídica de Venezuela en la colonia y la república
Сохранить в:
| Главный автор: | |
|---|---|
| Формат: | |
| Язык: | испанский |
| Опубликовано: |
Caracas
Universidad Central de Venezuela
1980
|
| Предметы: | |
| Метки: |
Добавить метку
Нет меток, Требуется 1-ая метка записи!
|
MARC
| LEADER | 00000nam a2200000 a 4500 | ||
|---|---|---|---|
| 001 | UCR4669 | ||
| 003 | CL-VaPUC | ||
| 008 | 980313e19800000VE |||||||||||||||||spa|d | ||
| 082 | 0 | 4 | |a 340.0987 |b CHI |2 21 |
| 100 | 0 | |a Chiossone, Tulio |e author |9 405150 | |
| 245 | 1 | 0 | |a Formación jurídica de Venezuela en la colonia y la república |
| 300 | |a 350 p | ||
| 942 | |c BK | ||
| 945 | |d 19980313 00:00:00 |a aolguin | ||
| 260 | |a Caracas |b Universidad Central de Venezuela |c 1980 | ||
| 650 | 0 | |a Derecho venezolano |9 385421 | |
| 650 | 0 | |a Historia del derecho |9 255109 | |
| 650 | 0 | |a Derecho Indiano |9 256266 | |
| 650 | 0 | |a Población indígena |9 360313 | |
| 650 | 7 | |a DELICUENCIA |2 CL-VaPUC |9 388720 | |
| 650 | 0 | |a Conquista |9 339504 | |
| 650 | 0 | |a Crímenes |9 225419 | |
| 650 | 7 | |a MISIONES CATOLICAS |2 CL-VaPUC |9 265978 | |
| 650 | 7 | |a INFLUENCIAS ESPAÑOLAS |2 CL-VaPUC |9 323239 | |
| 650 | 0 | |a Independencia |9 344246 | |
| 650 | 7 | |a DELITOS MILITARES |2 CL-VaPUC |9 383137 | |
| 650 | 0 | |a Genocidio |9 323090 | |
| 650 | 0 | |a Administración de justicia |9 382749 | |
| 650 | 7 | |a DELITOS POLITICOS |2 CL-VaPUC |9 256092 | |
| 650 | 0 | |a Problemas sociales |9 258537 | |
| 650 | 0 | |a Problemas políticos |9 393181 | |
| 650 | 0 | |a Codificación |9 258568 | |
| 650 | 7 | |a LEGISLACION PENAL |2 CL-VaPUC |9 368524 | |
| 650 | 7 | |a DEROGACION DE LA LEY |2 CL-VaPUC |9 405152 | |
| 650 | 7 | |a SISTEMA JURIDICO |2 CL-VaPUC |9 405153 | |
| 650 | 0 | |a Código civil |9 256135 | |
| 650 | 0 | |a Federalismo |9 313886 | |
| 650 | 0 | |a Poder legislativo |9 258808 | |
| 650 | 0 | |a Poder judicial |9 254871 | |
| 651 | 0 | |a Venezuela |9 254993 | |
| 583 | |a last modification |c 19980313 00:00:00 |k Rodrigo Vera | ||
| 999 | |c 267568 |d 267566 | ||
| 952 | |0 0 |1 0 |4 0 |6 340_098700000000000_CHI_1980 |7 0 |8 DER_HDC |9 299962 |a BIBDER |b BIBDER |d 2019-11-20 |i 1961470 |l 1 |o 340.0987 CHI 1980 |p 1961470 |r 2023-01-25 |s 2020-03-19 |w 2019-11-20 |x Ubicación 4to Piso |y BK |z Estos recursos deben solicitarse con anticipación |k DER | ||